000 00293nam a2200109Ia 4500
008 210430s9999 xx 000 0 und d
082 _a423 J415P
100 _aJaved, Syed Hasan
245 _aParamount Chinese-English-Urdu Dictionary
_cJaved, Syed Hasan
300 _a504p.
942 _cBK
_2ddc
999 _c565877
_d565877